Casuale 12 x 12 moltiplicazione - un minuto sprint - Statistics

Statistiche generali
  • Questo quiz è stato fatto 329 volte
  • Il punteggio medio è 24 su 40
Statistiche sulle risposte
problema soluzione % Corretto
9 x 3 27
76%
5 x 2 10
73%
6 x 3 18
73%
11 x 6 66
71%
7 x 5 35
70%
10 x 3 30
65%
12 x 3 36
65%
11 x 7 77
65%
9 x 9 81
65%
9 x 2 18
64%
10 x 2 20
64%
5 x 5 25
64%
9 x 4 36
64%
12 x 11 132
63%
8 x 7 56
63%
10 x 6 60
61%
5 x 3 15
60%
11 x 3 33
60%
5 x 4 20
58%
6 x 2 12
57%
11 x 2 22
57%
2 x 2 4
57%
10 x 5 50
57%
8 x 5 40
56%
8 x 6 48
56%
7 x 7 49
56%
8 x 2 16
55%
6 x 4 24
55%
6 x 6 36
55%
7 x 3 21
54%
7 x 6 42
54%
9 x 5 45
54%
8 x 3 24
53%
10 x 7 70
53%
7 x 2 14
52%
8 x 4 32
52%
12 x 10 120
50%
6 x 5 30
50%
3 x 2 6
50%
11 x 8 88
50%
3 x 3 9
50%
11 x 11 121
48%
12 x 4 48
48%
9 x 7 63
48%
12 x 9 108
46%
4 x 3 12
46%
11 x 10 110
45%
12 x 2 24
45%
10 x 9 90
45%
11 x 5 55
44%
4 x 2 8
42%
11 x 9 99
42%
10 x 8 80
41%
7 x 4 28
39%
10 x 4 40
39%
10 x 10 100
38%
12 x 12 144
38%
9 x 6 54
38%
8 x 8 64
38%
4 x 4 16
37%
12 x 5 60
36%
11 x 4 44
33%
9 x 8 72
33%
12 x 7 84
33%
12 x 8 96
31%
12 x 6 72
25%
Nessun quiz corrispondente trovato
Distribuzione punteggi
Percentuale di utenti per punteggio
Percentile per numero di risposta
I tuoi punteggi nel tempo
Non hai fatto questo quiz